مكتبة جامعة عجلون الوطنية

فهرس بحث المكتبة

البنوك الاردنية في مئة عام من مسيرة الدولة (Record no. 32367)

MARC details
000 -LEADER
fixed length control field 00995nam a2200217Ii 4500
003 - CONTROL NUMBER IDENTIFIER
control field JO-AjNU
008 - FIXED-LENGTH DATA ELEMENTS--GENERAL INFORMATION
fixed length control field 230605s9999||||xx |||||||||||||| ||und||
020 ## - INTERNATIONAL STANDARD BOOK NUMBER
International Standard Book Number 978-9957-87-437-7
040 ## - CATALOGING SOURCE
Original cataloging agency JO-AjNU
Language of cataloging ara
Description conventions rda
Transcribing agency JO-AjNU
041 ## - LANGUAGE CODE
Language code of text/sound track or separate title ara
050 14 - LIBRARY OF CONGRESS CALL NUMBER
Classification number HG3261.2021
100 3# - MAIN ENTRY--PERSONAL NAME
Personal name اشراف مبيضين، مهند، باحث رئيسي فارس سورمالي، باحث مساعد نارمين فياض، مراجعة وتقيق تاريخي سليمات الشقيرات,
Relator term author
9 (RLIN) 63482
245 00 - TITLE STATEMENT
Title البنوك الاردنية في مئة عام من مسيرة الدولة
250 ## - EDITION STATEMENT
Edition statement ط1
264 31 - PRODUCTION, PUBLICATION, DISTRIBUTION, MANUFACTURE, AND COPYRIGHT NOTICE
Place of production, publication, distribution, manufacture الاردن/عمان، مركز التوثيق الملكي الاردني الهاشمي، 2021
300 ## - PHYSICAL DESCRIPTION
Extent 345ص
Other physical details يتضمن على صور
336 ## - CONTENT TYPE
Content type term text
Content type code txt
Source rdacontent
337 ## - MEDIA TYPE
Media type term unmediated
Media type code n
Source rdamedia
338 ## - CARRIER TYPE
Carrier type term volume
Carrier type code nc
Source rdacarrier
650 #4 - SUBJECT ADDED ENTRY--TOPICAL TERM
Topical term or geographic name entry element البنوك-الاعمال المصرفية-التاريخ الاقتصادي-الاردن
9 (RLIN) 63483
Holdings
Withdrawn status Lost status Source of classification or shelving scheme Damaged status Not for loan Home library Current library Shelving location Date acquired Total Checkouts Full call number Barcode Date last seen Price effective from Koha item type
    Library of Congress Classification     مكتبة جامعة عجلون الوطنية مكتبة جامعة عجلون الوطنية المجموعات العامة 06/06/2023   HG3261.2021 A28799 06/06/2023 06/06/2023 Books